| 000 | 01848nam0a2200361 i 4500 | ||
|---|---|---|---|
| 001 | RU\NLR\BIBL_A\010826284 | ||
| 005 | 20260406014635.0 | ||
| 010 |
_a9785919360537 _9500 |
||
| 021 |
_aRU _b2015-54329 _93208 |
||
| 035 | _a(NILC)RuMoRGB-007982747 | ||
| 035 | _a(NLR Aleph) 010826284 | ||
| 090 |
_a10265763 _c10265763 |
||
| 100 | _a20150828d2014 km y0rusy50 ca | ||
| 101 | 0 | _arus | |
| 102 | _aRU | ||
| 105 | _aac j 000yy | ||
| 200 | 1 |
_aИзбранные главы общей химии _iХимическая связь _eучебное пособие для технических специальностей вузов _fДедов А. Г., Тюменова С. И., Зайцева Ю. Н., Зрелова Л. В. _g[под ред. д.х.н., проф. А. Г. Дедова] _gРос. гос. ун-т нефти и газа им. И. М. Губкина |
|
| 210 |
_aМосква _cЭкООнис _d2014 |
||
| 215 |
_a66 с. _cил., портр. _d21 |
||
| 225 | 1 | _aСерия "Актуальная химия" | |
| 320 | _aБиблиогр.: с. 66 (15 назв.) | ||
| 606 |
_aХимическая связь _jУчебные издания для высших учебных заведений _9916305 _3RU\NLR\AUTH\6615962 |
||
| 686 | 1 | _aГ51я73-1 | |
| 701 | 1 |
_aДедов _bА. Г. _gАлексей Георгиевич _4070 _4340 |
|
| 701 | 1 |
_aТюменова _bС. И. _gСветлана Ивановна |
|
| 701 | 1 |
_7ca _8rus _aЗайцева _bЮ. Н. _cканд. хим. наук, неорганическая химия _gЮлия Николаевна _9103049 _3RU\NLR\AUTH\77120124 |
|
| 701 | 1 |
_aЗрелова _bЛ. В. _gЛюбовь Всеволодовна |
|
| 801 | 0 |
_aRU _bРГБ _c20150723 _gRCR |
|
| 801 | 1 |
_aRU _bРГБ _c20150723 _2rusmarc |
|
| 942 | _cBOOK | ||
| 980 | _aNBR | ||